Every Boss/Special Zombie in COD - Statistics

General Stats
  • This quiz has been taken 34 times
  • The average score is 18 of 78
Answer Stats
Map Answer % Correct
Shadows of Evil Margwa
91%
Shi No Numa Hellhounds
82%
Call of the Dead George Romero
73%
Origins Panzer Soldat
73%
Five Pentagon Thief
68%
Gorod Krovi Dragon
64%
Mob of the Dead Brutus
59%
Der Eisendrache Corrupted Keeper
59%
Ascension Space Monkeys
59%
TranZit Denizens
55%
Kino Der Toten Nova Crawlers
50%
Buried Witches
50%
Die Rise Jumping Jacks
45%
Shangri-La Napalm Zombies
45%
Zetsubou No Shima Spiders
45%
Moon Zombie Astronaut
45%
Shadows of Evil Shadow Man
41%
Shadows of Evil Parasites
36%
Zetsubou No Shima Thrasher
36%
TranZit Avogadro
27%
Gorod Krovi Valkyrie Drones
27%
Voyage of Despair Blightfather
23%
Voyage of Despair Electric Catalyst
23%
Voyage of Despair Fire Catalyst
23%
IX Fury
23%
Origins Templar Zombies
23%
Voyage of Despair Water Catalyst
23%
Dead of the Night Werewolf
23%
IX Wrath
23%
IX Brawlers
18%
IX Gladiators
18%
Ancient Evil Perseus
18%
Voyage of Despair Stoker
18%
Attack of the Radioactive Thing Crogs
14%
Revelations Furies
14%
Zetsubou No Shima Giant Spider
14%
Shaolin Shuffle Ninja Zombies
14%
Shaolin Shuffle Rat King
14%
Shangri-La Shriekers
14%
Rave in the Redwoods Slasher
14%
Rave in the Redwoods Super Slasher
14%
The Tortured Path The Guardian
14%
Shangri-La Zombie Monkeys
14%
IX Zombie Tigers
14%
Zombies in Spaceland Alien Boss
9%
The Final Reich Bombers
9%
The Final Reich Brenner Zombies
9%
Zombies in Spaceland Brute
9%
The Beast From Beyond Cryptids
9%
Voyage of Despair Eye of Odin
9%
Dead of the Night Giant Werewolf
9%
The Frozen Dawn God-King
9%
The Darkest Shore Meistermeuchler
9%
The Darkest Shore Meuchlers
9%
The Final Reich Panzermorder
9%
The Final Reich Pests
9%
Shadows of Evil R.A.P.S.
9%
The Beast From Beyond Rhinos
9%
The Final Reich Wustling
9%
Voyage of Despair Acid Catalyst
5%
Rave in the Redwoods Bigfoots
5%
Ancient Evil Dark Pegasus
5%
Dead of the Night Draculas
5%
Gorod Krovi Electic Zombies
5%
Zombies in Spaceland Exploding Clowns
5%
Ancient Evil Gegenes
5%
The Shadowed Throne Gekochts
5%
Shadows of Evil Giant Apothican
5%
Attack of the Radioactive Thing Giant Crab
5%
Zetsubou No Shima Giant Trasher
5%
Blood of the Dead Giant Warden
5%
Gorod Krovi Mech Nikolai
5%
The Beast From Beyond Mephistopheles
5%
The Tortured Path Raketenbrenner
5%
Dead of the Night Red Draculas
5%
Shaolin Shuffle Roller Skating Zombies
5%
Ancient Evil Spartoi
5%
The Shadowed Throne Stadtjager
5%
No matching quizzes found
Score Distribution
Percent of People with Each Score
Percentile by Number Answered
Your Score History
You have not taken this quiz